000 00663nam a22001935i 4500
001 157778
003 ES-MaACL
005 20230906210839.0
008 040813s1876 gw |||| | eng d
040 _aCAM
_bspa
_cCAM
100 1 _aLinton, E. Lynn.
_9128964
245 1 4 _aThe atonement of Leam Dundas
_b: a novel /
_cby E. Lynn Linton.
260 _aLeipzig :
_bBerhard Tauchnitz,
_c1876.
300 _a2 v. (320; 303 p.) ;
_c16 cm.
490 1 _aCollection of british authours ;
_v1591; 1592
830 0 _aCollection of british authours ;
_v1591; 1592
_9188131
852 _aES-MaACL
_jG-11816
_z-- Enc. hol.
_z-- 2 t. en 1 v.
999 _c157778
_d157778